00589nam a2200229Ia 450000500170000000800460001702000180006303700100008104000080009104000080009904000080010704100080011504100080012308400080013110000600013924500620019926000230026126000090028436500050029336500080029885600530030620260324123951.0008 260324s9999 xx 000 0 eng d a9781003553052 aEBOOK aCRL beng cCRL 2eng aeng qCRL aBen Dew; Richard Coulton; Markman Ellis; Matthew Mauger 0aTea and the Tea-Table in Eighteenth-Century England Vol 4 bTaylor and Francis c2011 a b105 uhttp://www.taylorfrancis.com/books/9781003553052